[Event "Tunja Boyaca op-B"]
[Site "Tunja"]
[Date "2019.08.01"]
[Round "2"]
[White "Guerrero, Hernando"]
[Black "Cruz Perez, Uver"]
[Result "1-0"]
[WhiteElo "1788"]
[BlackElo "1491"]
[PlyCount "20"]
[EventDate "2019.07.31"]
[EventType "swiss"]
[EventRounds "9"]
[EventCountry "COL"]
[SourceTitle "EXT 2020"]
[Source "ChessBase"]
[SourceDate "2019.10.17"]
[SourceVersion "1"]
[SourceVersionDate "2019.10.17"]
[SourceQuality "1"]

1. e4 c5 2. Nf3 Nc6 3. d4 cxd4 4. Nxd4 e5 5. Nb5 d6 6. N1c3 a6 7. Na3 b5 8. Qd5 Nf6 9. Bg5 h6 10. Bxf6 gxf6 1-0